000 00684nam a22002177a 4500
005 20260129111153.0
008 231030b ||||| |||| 00| 0 eng d
040 _cAL
041 _aeng
082 _223
_a423
_bAMEA
100 _aAmerican Printing House For the Blind
_9253077
245 _aAmerican Heritage Students Dictionary:
_bDiscussion Vol VIII
260 _aKentucky
_bAmerican Printing House for the Blind
_c1994
300 _ai-viii,2023-2314p.
_bHB
_c28x30cm.
365 _2English
440 _nVol 8
_9139982
650 _aDictionary
_9139977
650 _aBraillee Dictionary
_9139978
700 _aAMERICAN PRINTING HOUSE FOR THE BLIND
_9139979
942 _2ddc
_cDB
999 _c229055
_d229055